Teoría y problemas de matemáticas financieras (Registro nro. 1413)

Detalles MARC
000 -LEADER
fixed length control field 01179 a2200205 4500
001 - CONTROL NUMBER
control field 25685
005 - DATE AND TIME OF LATEST TRANSACTION
control field 20260407155540.0
008 - FIXED-LENGTH DATA ELEMENTS--GENERAL INFORMATION
fixed length control field 260407a1971 arg spa d
003 - CONTROL NUMBER IDENTIFIER
control field AR-UNSa-BCEJYS
040 ## - CATALOGING SOURCE
Original cataloging agency AR-UNSa-BCEJYS
Language of cataloging spa
Transcribing agency AR-UNSa-BCEJYS
080 ## - UNIVERSAL DECIMAL CLASSIFICATION NUMBER
Universal Decimal Classification number 51-7
Common auxiliary subdivision Estudios y métodos matemáticos en otros campos del conocimiento. Matemáticas científicas. Matemáticas actuariales (Matemáticas Financieras)
100 1# - MAIN ENTRY--PERSONAL NAME
Personal name Ayres, Frank, Jr.
245 10 - TITLE STATEMENT
Title Teoría y problemas de matemáticas financieras
264 #1 - PRODUCTION, PUBLICATION, DISTRIBUTION, MANUFACTURE, AND COPYRIGHT NOTICE
Place of production, publication, distribution, manufacture México :
Name of producer, publisher, distributor, manufacturer Libros McGraw-Hill
Date of production, publication, distribution, manufacture, or copyright notice 1971
300 ## - PHYSICAL DESCRIPTION
Extent 230 p.
Dimensions 27 cm.
505 ## - FORMATTED CONTENTS NOTE
Formatted contents note 1. Operaciones con números - 2. Exponentes y logaritmos - 3. Progresiones - 4. Interes simple - 5. Descuento simple - 6. Pagos parciales - 7. Interés compuesto - 8. Interés compuesto - 9. Anualidades ciertas ordienarias - 11. Amortización y fondos de amortización - 12. Bonos - 13. Anualidades anticipadas diferidas y perpetuidades - 14. Anualidades ciertas. Caso general - 15. Probabilidad y la tabla de mortalidad - 16. Anualidades contingentes - 17. Seguro de vida.
590 ## - LOCAL NOTE (RLIN)
Local note niveau_biblio:m niveau_hierar:0
700 1# - ADDED ENTRY--PERSONAL NAME
Personal name Ocampo Compean, Fernando
942 ## - ADDED ENTRY ELEMENTS (KOHA)
Koha item type
Existencias
Withdrawn status Lost status Damaged status Not for loan Home library Current library Shelving location Date acquired Total checkouts Full call number Barcode Date last seen Price effective from Koha item type
        Biblioteca Prof. Eusebio Cleto del Rey Biblioteca Prof. Eusebio Cleto del Rey   07/04/2026   51-7 A985/1971 L24364 07/04/2026 07/04/2026 Libro
        Biblioteca Prof. Eusebio Cleto del Rey Biblioteca Prof. Eusebio Cleto del Rey   07/04/2026   51-7 A985/1971 L24365 07/04/2026 07/04/2026 Libro